Normal view MARC view

Entry Personal Name

Number of records used in: 1

001 - CONTROL NUMBER

  • control field: 9750

003 - CONTROL NUMBER IDENTIFIER

  • control field: DLC

005 - DATE AND TIME OF LATEST TRANSACTION

  • control field: 20231018131357.0

008 - FIXED-LENGTH DATA ELEMENTS

  • fixed length control field: 851115n| azannaabn |b aaa

010 ## - LIBRARY OF CONGRESS CONTROL NUMBER

  • LC control number: n 85155821

035 ## - SYSTEM CONTROL NUMBER

  • System control number: (OCoLC)oca01453217

040 ## - CATALOGING SOURCE

  • Original cataloging agency: DLC
  • Language of cataloging: eng
  • Description conventions: rda
  • Transcribing agency: DLC
  • Modifying agency: DLC
  • Modifying agency: OCoLC
  • Modifying agency: Uk
  • Modifying agency: UPB
  • Modifying agency: DLC
  • Modifying agency: InU
  • Modifying agency: OCoLC

046 ## - SPECIAL CODED DATES

  • Birth date: 1905
  • Death date: 1973

100 1# - HEADING--PERSONAL NAME

  • Personal name: Bennabi, Malek

370 ## - ASSOCIATED PLACE

  • Associated country: Algeria
  • Source of term: naf

372 ## - FIELD OF ACTIVITY

  • Field of activity: Islam
  • Source of term: lcsh

374 ## - OCCUPATION

  • Occupation: Philosophers
  • Source of term: lcsh

375 ## - GENDER

  • Gender: male

377 ## - ASSOCIATED LANGUAGE

  • Language code: ara
  • Language code: fre

400 1# - SEE FROM TRACING--PERSONAL NAME

  • Personal name: Bin Nabī, Mālik

400 1# - SEE FROM TRACING--PERSONAL NAME

  • Personal name: Ibn Nabī, Mālik

400 1# - SEE FROM TRACING--PERSONAL NAME

  • Personal name: Ben Nabi, Malik

400 1# - SEE FROM TRACING--PERSONAL NAME

  • Personal name: Bennabi, Malik

400 1# - SEE FROM TRACING--PERSONAL NAME

  • Personal name: Bin Nabbi, Malik

400 1# - SEE FROM TRACING--PERSONAL NAME

  • Personal name: Binnabī, Mālik

400 0# - SEE FROM TRACING--PERSONAL NAME

  • Personal name: Mālik ibn Nabī

400 1# - SEE FROM TRACING--PERSONAL NAME

  • Personal name: ابن نبي، مالك

400 1# - SEE FROM TRACING--PERSONAL NAME

  • Personal name: ابن نبي، ملك

400 1# - SEE FROM TRACING--PERSONAL NAME

  • Personal name: بن نبي، مالك

400 1# - SEE FROM TRACING--PERSONAL NAME

  • Personal name: بن نبي، ملك

400 1# - SEE FROM TRACING--PERSONAL NAME

  • Personal name: بننبي، مالك

400 0# - SEE FROM TRACING--PERSONAL NAME

  • Personal name: مالك بن نبي

670 ## - SOURCE DATA FOUND

  • Source citation: Saḥmarānī, A. Mālik bin Nabī "mufakkiran iṣlāḥīyan," 1984:
  • Information found: p. 13 (b. 1905 in Qusanṭīnah, al-Jazāʼir) p. 18 (d. 31. Tishrīn I, 1973)

670 ## - SOURCE DATA FOUND

  • Source citation: LC data base, 11-13-85
  • Information found: (hdg.: Bennabi, Malek; usage: Malek Bennabi)

670 ## - SOURCE DATA FOUND

  • Source citation: nuc90-42086: His The Qurʼanic phenomenon, c1983
  • Information found: (hdg. on LU rept.: Bennabi, Malek; usage: Malik Ben Nabi)

670 ## - SOURCE DATA FOUND

  • Source citation: The question of ideas in the muslim world, 2003:
  • Information found: t.p. (Malik Bennabi) back cover (1905-1973, author of The Qurʼanic phenomenon)

670 ## - SOURCE DATA FOUND

  • Source citation: Istirātījīyat al-bināʼ al-ḥaḍārī fī fikr Mālik ibn Nabī, 2011: introduction (Malik Bennabi, Muslim philosopher)

670 ## - SOURCE DATA FOUND

  • Source citation: Mushkilāt al-ḥaḍārah: shurūṭ al-nahḍah, 2012:
  • Information found: t.p. (مالك بن نبي = Mālik ibn Nabī) added t.p. (Malik Bin Nabbi [in rom.])

670 ## - SOURCE DATA FOUND

  • Source citation: Mushkilāt al-ḥaḍārah: Wijhat al-ʻālam al-Islāmī, 2012:
  • Information found: added t.p. (Mālik Binnabī [in rom.])

Powered by Koha